Statistics for 1960年以降に会社更生法・民事再生法を申請した鉄道会社

Click here to take the quiz!

General Stats

  • This quiz has been taken 13 times
  • The average score is 2 of 7

Answer Stats

HintAnswer% Correct
2001年高松琴平電気鉄道
83%
1966年南部縦貫鉄道
33%
2005年水間鉄道
33%
1968年磐梯急行電鉄
25%
2008年福島交通
25%
1969年松尾鉱業鉄道
17%
1970年羽幌炭砿鉄道
8%

Score Distribution

Percentile by Number Answered

Percent of People with Each Score

Your Score History

You have not taken this quiz